U.S. Presidents in Order - Whammies - Statistics

General Stats
  • This quiz has been taken 480 times
  • The average score is 24 of 47
Answer Stats
Term Party President % Correct
1789–1797 I George Washington
98%
1791–1801 F John Adams
92%
1801–1809 DR Thomas Jefferson
86%
1809–1817 DR James Madison
75%
1817–1825 DR James Monroe
74%
1825–1829 DR John Quincy Adams
68%
1829–1837 D Andrew Jackson
65%
1837–1841 D Martin Van Buren
62%
1841 W William Henry Harrison
56%
1861–1865 R Abraham Lincoln
55%
1845–1849 D James K. Polk
50%
1869–1877 R Ulysses S. Grant
50%
1865–1869 D Andrew Johnson
49%
1881 R James A. Garfield
49%
1857–1861 D James Buchanan
49%
1841–1845 W John Tyler
49%
1877–1881 R Rutherford B. Hayes
49%
2025– R Donald Trump
48%
2021–2025 D Joe Biden
48%
1849–1850 W Zachary Taylor
48%
2009–2017 D Barack Obama
46%
1993–2001 D Bill Clinton
46%
2017–2021 R Donald Trump
46%
1989–1993 R George H.W. Bush
46%
1853–1857 D Franklin Pierce
45%
2001–2009 R George W. Bush
45%
1850–1853 W Millard Fillmore
45%
1981–1989 R Ronald Reagan
45%
1977–1981 D Jimmy Carter
44%
1881–1885 R Chester A. Arthur
43%
1933–1945 D Franklin D. Roosevelt
43%
1885–1889 D Grover Cleveland
43%
1953–1961 R Dwight D. Eisenhower
42%
1945–1953 D Harry S. Truman
42%
1961–1963 D John F. Kennedy
42%
1913–1921 D Woodrow Wilson
42%
1893–1897 D Grover Cleveland
40%
1889–1893 R Benjamin Harrison
39%
1974–1977 R Gerald R. Ford
39%
1929–1933 R Herbert Hoover
39%
1963–1969 D Lyndon B. Johnson
39%
1969–1974 R Richard Nixon
39%
1909–1913 R William Howard Taft
39%
1923–1929 R Calvin Coolidge
38%
1901–1909 R Theodore Roosevelt
38%
1921–1923 R Warren G. Harding
38%
1897–1901 R William McKinley
37%
No matching quizzes found
Score Distribution
Percent of People with Each Score
Percentile by Number Answered
Your Score History
You have not taken this quiz